الذكاء الاصطناعي قضايا معاصرة / (رقم التسجيلة. 247752)
[ عرض عادي ]
| 000 -الفاتح | |
|---|---|
| عناصر البيانات ثابتة الطول | 01049nam a22002657i 4500 |
| 005 - تاريخ ووقت آخر معاملة | |
| حقل ضبط | 20260105124216.0 |
| 008 - عناصر البيانات ثابتة الطول | |
| عناصر البيانات ثابتة الطول | 250906s2026 jo ||||gr|||| 00| 0 ara d |
| 020 ## - الترقيم الدولي المعياري للكتب (ردمك) | |
| الترقيم الدولي المعياري للكتب (ردمك) | 9789957923242 |
| 040 ## - مصدر الفهرسة | |
| هيئة الفهرسة الأصلية | JO-AmGAM |
| قواعد الوصف | rda |
| 082 14 - رقم تصنيف ديوي العشري | |
| رقم التصنيف | 006.3 |
| رقم المادة | ش ر ي |
| 100 1# - مدخل رئيسي – اسم شخصي | |
| الاسم الشخصي | الشريف، أشرف عبد المحسن |
| علاقة الشخص بالعمل/ دوره | مؤلف. |
| 245 12 - بيان العنوان | |
| العنوان | الذكاء الاصطناعي قضايا معاصرة / |
| بيان المسؤولية | إعداد أ. د. أشرف عبد المحسن الشريف ؛ تقديم ومراجعه أ. د. طريف شوقي محمد. |
| 246 10 - الأشكال المختلفة للعنوان | |
| العنوان الفعلي/العنوان المختصر | Artificial Intelligence Contemporary Issues. |
| 250 ## - بيان الطبعة | |
| بيان الطبعة | الطبعة الأولى، |
| 264 31 - بيانات النشر، التوزيع…إلخ | |
| مكان النشر، التوزيع...إلخ | عمان : |
| اسم الناشر، الموزع...إلخ | دار الفكر ناشرون وموزعون، |
| تاريخ النشر، التوزيع...إلخ | 2026. |
| 300 ## - الوصف المادي | |
| عدد الوحدات المكونة للوعاء | 264 صفحة. |
| 336 ## - نوع المحتوى | |
| المصدر | rdacontent |
| مصطلح نوع المحتوى | نص |
| كود نوع المحتوى | txt |
| 337 ## - نوع الوسيط | |
| المصدر | rdamedia |
| مصطلح نوع الوسيط | دون وسيط عرض |
| كود نوع الوسيط | n |
| 338 ## - نوع الحامل | |
| المصدر | rdacarrier |
| مصطلح نوع الحامل | مجلد |
| كود نوع الحامل | nc |
| 650 17 - مدخل إضافي بالموضوع - مصطلح موضوعي | |
| مصطلح موضوعي أو اسم جغرافي كعنصر مدخل | الذكاء الأصطناعي. |
| 650 17 - مدخل إضافي بالموضوع - مصطلح موضوعي | |
| مصطلح موضوعي أو اسم جغرافي كعنصر مدخل | الروبوت. |
| 700 1# - مدخل إضافي - اسم شخصي | |
| الاسم الشخصي | محمد، طريف شوقي |
| علاقة الشخص بالعمل/ دوره | مقدم. |
| 942 ## - بيانات إضافية (كوها) | |
| نوع التنصيف | Dewey Decimal Classification |
| نوع المادة (كوها) | كتب |
| حالة السحب | حالة الفقدان | مصدر التصنيف | حالة التلف | غير قابل للإعارة | المكتبة الرئيسية | المكتبة الحالية | موقع الرف | تاريخ التزويد | مصدر التزويد | العملة | التكلفة، سعر الشراء العادي | الرقم المتسلسل | Total Checkouts | رقم الإستدعاء | الباركود | تاريخ آخر ظهور | التكلفة وسعر الاستبدال | تاريخ الفاتورة | نوع المادة (كوها) |
|---|---|---|---|---|---|---|---|---|---|---|---|---|---|---|---|---|---|---|---|
| Dewey Decimal Classification | المكتبة المركزية | المكتبة المركزية | الإعارة | 31/12/2025 | 62 | JOD | 6.00 | 1799618 | 006.3 / ش ر ي | PLD00929253 | 31/12/2025 | 8.00 | 31/12/2025 | كتب | |||||
| Dewey Decimal Classification | مكتبة أم قصير والمقابلين العامة | مكتبة أم قصير والمقابلين العامة | الإعارة | 31/12/2025 | 62 | JOD | 6.00 | 1799619 | 006.3 / ش ر ي | PLD00929254 | 31/12/2025 | 8.00 | 31/12/2025 | كتب |